Księga piękności

Bibliographic Details
Main Author: Quant, Mary (Author)
Other Authors: Barrymore, Maureen (Photographer), King, Dave (Photographer)
Format: Book
Language:Polish
PhysicalDescription:119 s. 28 cm
Published: Warszawa Kalliope 1997
ISBN:8385549749
Subjects:

MARC

LEADER 00000nam a2200000 a 4500
001 vtls001331406
003 SK-MaSNL
005 20260301200437.0
008 240314s1997 pl a pol
020 |a 8385549749  |c b.c. 
035 |a SNK000284289 
035 |a urn:nbn:sk:snk-amye8o 
035 |a urn:nbn:sk:snk-am00chko 
035 |a 4F424ACA-247C-473F-B735-8596D0AC212E 
040 |a SNK  |b slo  |c SNK  |e AACR2 
041 0 |a pol 
044 |a PL 
080 |a 687.553(084.12)  |2 1981 
100 1 |a Quant, Mary  |4 aut  |9 40952 
245 1 0 |a Księga piękności  |c Mary Quant ; fotografie Maureen Barrymore, Dave King ; [przekład z jęz. angielskiego: Anna Dobrzańska] 
260 |a Warszawa  |b Kalliope  |c 1997  |e [Martin  |f Neografia] 
300 |a 119 s.  |c 28 cm 
650 0 7 |a mejkap  |2 SNKPH  |9 29423 
655 7 |a príručky  |2 SNKPH  |9 74364 
700 1 |a Barrymore, Maureen  |4 pht  |9 42732 
700 1 |a King, Dave  |4 pht  |9 44796 
919 |a 83-85549-74-9 
958 |a OND 
999 |c 890509  |d 892439 
952 |t P60, <03>, [BOOK], {603}  |a SNK  |b SNK  |y PREZ  |7 0  |p 17A0140983  |o snkSB 58830  |i snkKSP 5295/98  |0 0  |1 0  |4 0  |d 1998-05-19  |f 1  |l 0  |r 2017-06-30 00:00:00  |w 2026-02-24